| 000 | 00717cam a22001457a 4500 | ||
|---|---|---|---|
| 008 | 180718b-- xxu||||| |||| 00| 0 eng d | ||
| 082 | _aA81x54 91/22/PT3B/B | ||
| 100 | _aCensus of India 1991 | ||
| 245 | _aSikkim: economic tables | ||
| 260 |
_aNew Delhi _bThe Controller of Publication _c-- |
||
| 300 | _a-v- | ||
| 440 | _aCensus of India 1991. Series-22, Sikkim. Part IIIB-B series | ||
| 500 | _aLibrary has v.1. 1997. 593+p. Tables B-2(F), B-3(F), B-6(F), B-7(F), B-8(F), B-9(F), B-12(F), B-13(i)(F), B-13(ii)(F), B-14(F), B-15(i)(F), B-15(ii)(F), B-16(F), B-17(F) & B-18(F);v.2. 2001. 399+p. Tables B-19(F), B-20(F), B-21(F) Part A&B, B-22(F), B-23(F) and B-24(F) | ||
| 650 | _aSikkim - Economic conditions - Census | ||
| 999 |
_c491573 _d491573 |
||